000 01801nam a2200469Ii 4500
001 DIGSIRLA0877
003 NyNyDIG
006 m o d
007 cr |||||||||||
008 240717s2022 sp a ob 000 0 spa d
035 _a(OCoLC)1346360548
040 _aDGITA
_beng
_erda
_epn
_cDGITA
020 _a9788419419446
_qeBook
020 _z9788419419064
043 _ae-sp---
050 1 4 _aDP48 ebook
082 0 4 _a946
_223
100 1 _aRoca Barea, María Elvira,
_eauthor.
245 1 0 _aImperiofobia y leyenda negra :
_bRoma, Rusia, Estados Unidos y el Imperio español /
_cMaría Elvira Roca Barea ; prólogo de Arcadi Espada.
250 _aEdición en formato digital.
264 1 _aMadrid :
_bSiruela,
_c[2022]
300 _a1 online resource ;
_billustrations.
336 _atext
_btxt
_2rdacontent
337 _acomputer
_bc
_2rdamedia
338 _aonline resource
_bcr
_2rdacarrier
347 _atext file
_2rdaft
347 _bEPUB
490 1 _aBiblioteca ensayo ;
_v130. Serie mayor
504 _aIncludes bibliographical references.
588 0 _aOnline resource; title from ePub title page (Digitalia, viewed July 17, 2024)
650 0 _aBlack Legend (Spanish history)
650 0 _aImperialism.
651 0 _aSpain
_xForeign public opinion.
700 1 _aEspada, Arcadio,
_d1957-
_econtributor agent of text.
791 2 _aDigitalia (Firm),
_edistributor.
793 0 _gDigitalia eBook Collection:
_aSiruela
776 0 8 _iPrint version:
_aRoca Barea, María Elvira.
_tImperiofobia y leyenda negra.
_dMadrid : Siruela, [2022]
_z9788419419064
830 0 _aBiblioteca de ensayo (Madrid, Spain) ;
_v130.
_pSerie mayor.
856 4 0 _3Digitalia Hispánica
_uhttps://www.digitaliapublishing.com/a/123929/
910 _aPremium collection: 2024
942 _cRAA
999 _c276430
_d276430